Balkan Cities - Sudden Death - Statistics

General Stats
  • This quiz has been taken 177 times
    168 since last reset
  • The average score is 4 of 13
Answers on the Grid
Answers color-coded by a green-red scale on the quiz's grid according to % correct below.
Tirana
Győr
Athens
Heraklion
Bari
Bar
Belgrade
Tiraspol
Corfu
Istanbul
Tuzla
Blagoevgrad
Jihlava
Vlorë
Bursa
Rhodes
Košice
Tetovo
Plovdiv
Kasimov
Split
Patras
Novi Pazar
Karlovy Vary
 
Answer Stats
Answer % Correct
Tirana
91%
Athens
71%
Belgrade
49%
Split
30%
Istanbul
27%
Plovdiv
23%
Novi Pazar
21%
Bar
20%
Tuzla
17%
Blagoevgrad
15%
Vlorë
13%
Patras
8%
Tetovo
8%
No matching quizzes found
Score Distribution
Percent of People with Each Score
Percentile by Number Answered
Your Score History
You have not taken this quiz since the last reset